00880 2200313 4500001002100000005001500021035002000036007000300056040001700059100003100076245006700107300004100174020001800215041000800233082000800241084001600249090002100265264003500286336002100321337003000342338002300372600001500395700003200410850001000442008004100452500003300493990002000526990002000546INLIS00000000000973220260414033821 a0010-0123000059ta aSBPUPADbind0 aVina Dwi LaningePengarang1 aMasyarakat: Sendi Dasar Kehidupan Berbangsa /cVina Dwi Laning aiv, 60 hlm. :bilus. ;c17,6 x 25 cm a602-8567-03-9 aind a302 a302.1 VIN m a302.2 HEL p 7-3 a--Surabaya :bJP Books,c2009. 2rdacontentaTeks 2rdamediaatanpa perantara 2rdacarrieravolume 4aMasyarakat aEndar WismulyaniePengarang aPUPAD260414 0  aTentang Penulis, hlm 239-240 a25.810/H/DPK/18 a25.811/H/DPK/18